000 00296nam a22001337a 4500
008 171020b xxu||||| |||| 00| 0 eng d
020 _a9780030980510
041 _aeng
080 _a338
100 _a54
101 _aMNG
245 _aENTREPRENEURAL STRATEGY
_cKURATKO, D.F
942 _2udc
_cBK
999 _c35192
_d35192